MDQL
is popping MORE tags! Check the
thread
!
Quizzes
Events
Quiz Creation
Community
Videos
Private Events
Remove Ads
Sign In
Join for FREE
Feedback
Dark Mode
Quiz Categories
Sports
Geography
Music
Movies
Television
Just For Fun
Miscellaneous
History
Literature
Language
Science
Gaming
Entertainment
Religion
Holiday
For Kids
Quiz Lab
Recent
Popular Today
Quiz Kudos Today
Editor Picks
Curator Picks
Quizzes by...
Day
Popularity
Type
Ratings
Length
Year
Community
Subscriptions
Recent Discussions
Orange Saloon
Badges
Playlists
Quests
Create
Leaderboards
Showdown
Live 5
Trivia Bingo
Activity
Puzzle Library
Sporcle Events
Private Events
Virtual Trivia
Globe League
Become a Host
Pub Owners
SporcleCon
Opinionation
Our Games
Videos
Blog
Mobile Apps
Partnerships
Remove Ads and Go Orange
Feedback
Movies
Disney
Marvel Cinematic Universe
Movie Resume
Movie Titles
Oscar
Actor
Actress
Director
Pixar
Role
Movie Quotes
Movie Characters
Box Office
Nominee
Best Picture
Star Wars
James Bond
Horror Movies
Movies
Disney
Marvel Cinematic Universe
Movie Resume
Movie Titles
Oscar
Actor
Actress
Director
Pixar
Role
Movie Quotes
Movie Characters
Box Office
Nominee
Best Picture
Star Wars
James Bond
Horror Movies
Random Quiz
Search Sporcle
×
Quiz Lab
Quiz Lab
Movies
Best Picture
Type in answers that appear in a list
Type in answers that appear in a list
Classic
Best Score? Go Orange.
Year of the Best Picture Stats
Can you name the Year of the Best Picture?
By
Mcparty
7m
81 Questions
304 Plays
304 Plays
304 Plays
Comments
Comments
Give Quiz Kudos
Give Quiz Kudos
-
- Ratings
hide this ad
Forced Order
Answers have to be entered in order
Answers have to be entered in order
Random Order
Randomize order of answers
Randomize order of answers
Replay
Link that replays current quiz
Next Quiz
Link to next quiz in quiz playlist
You Got
0%
They Got
Avg Score
79%
Avg Friend Score
Upgrade to see
Score Distribution
Jump to the score distribution portion of the page
Score
0/81
Timer
07:00
0
Plays Today
Best Picture Winner
Year
% Correct
Forrest Gump
1994
96%
Million Dollar Baby
2004
96%
Slumdog Millionaire
2008
95.7%
Chicago
2002
94.7%
Titanic
1997
94.7%
Schindler's List
1993
94.1%
Lord of the Rings: The Return of the King
2003
94.1%
Crash
2005
93.7%
Silence of the Lambs
1991
93.4%
No country for Old Men
2007
93.4%
Gladiator
2000
93.4%
A Beautiful Mind
2001
93.1%
Shakespeare in Love
1998
93.1%
The Departed
2006
93.1%
Braveheart
1995
92.7%
American Beauty
1999
92.7%
Rain Man
1988
92.4%
The Godfather
1972
92.1%
Dances With Wolves
1990
91.7%
The Godfather Part 2
1974
91.4%
Rocky
1976
91.1%
The English Patient
1996
90.4%
One Flew Over the Cuckoo's Nest
1975
89.8%
Gandhi
1982
89.4%
Kramer vs. Kramer
1979
89.1%
Unforgiven
1992
88.8%
Amadeus
1984
88.4%
Best Picture Winner
Year
% Correct
Platoon
1986
88.4%
Gone with the Wind
1939
88.4%
Annie Hall
1977
88.1%
Driving Miss Daisy
1989
87.5%
The Deer Hunter
1978
86.5%
Casablanca
1943
86.5%
Sound of Music
1965
85.1%
The Sting
1973
83.8%
Terms of Endearment
1983
82.8%
Patton
1970
82.8%
Chariots of Fire
1981
82.5%
Out of Africa
1985
82.2%
French Connection
1971
81.8%
Lawrence of Arabia
1962
80.9%
Ben-
Hur
1959
80.2%
Midnight Cowboy
1969
79.9%
Ordinary People
1980
79.2%
On the Waterfront
1954
78.9%
Bridge on the River Kwai
1957
78.5%
West Side Story
1961
78.5%
All Quiet on the Western Front
1930
75.6%
The Last Emperor
1987
74.6%
In the Heat of the Night
1967
74.3%
My Fair Lady
1964
73.9%
Oliver!
1968
73.3%
It Happened One Night
1934
72.9%
Wings
1928
72.6%
Best Picture Winner
Year
% Correct
The Apartment
1960
71.6%
All About Eve
1950
71%
Rebecca
1940
69.6%
Hamlet
1948
68.6%
Marty
1955
67%
Around the World in Eighty Days
1956
66%
From Here to Eternity
1953
66%
Grand Hotel
1932
65%
How Green was My Valley
1941
64.7%
Greatest Show on Earth
1952
64%
Gigi
1958
63.7%
The Best Years of Our Lives
1946
63.7%
Cimarron
1931
63.4%
A Man for All Seasons
1966
63.4%
An American in Paris
1951
63%
Mutiny on the Bounty
1935
62%
The Broadway Melody
1929
61.7%
Gentleman's Agreement
1947
61.7%
Tom Jones
1963
61.7%
Life of Emile Zola
1937
61.4%
Cavalcade
1933
60.7%
The Great Ziegfeld
1936
60.7%
All the King's Men
1949
60.7%
Mrs. Miniver
1942
60.4%
The Lost Weekend
1945
58.7%
Going My Way
1944
58.7%
You Can't Take it With You
1938
58.1%
Quiz Playlist
Details
Report
Send in Message
Add To Playlist
Classic:
Type in answers that appear in a list
Forced Order:
Answers have to be entered in order
Random Order:
Randomize order of answers
Last Updated: Feb 16, 2017
Quiz Scoreboard
CHALLENGE
Sign Up to Join the Scoreboard
Show All
Scores
Hide
Comments
May contain spoilers
Recently Published
Holiday 10x10 Sorting Gallery
by lukepisani3
Holiday
15m
Two Season TV Shows II
by 123Four
Television
10m
Image Sorting: Flags VI
by Barbecue
Geography
2m
More to Explore
Quiz From the Vault
Featured Blog Post
14 Easter Pick-up Lines to Find Eggs With
hide this ad
You Might Also Like...
Tags
Best Picture Quiz
Image Quiz
Winner
Today's Top Quizzes in Movies
Browse Movies
hide this ad
Today's Top Quizzes in Best Picture
Browse Best Picture
Top Contributed Quizzes in Movies
1
The ultimate James Bond movie quiz
2
Find The 'Big' Movie
3
Find The 'Wild' Movie
4
Find The 'Blue' Movie
5
Movies By Plot
6
Hidden Star Wars Character II
7
Hidden Star Wars Character III
8
😉 2024 Oscar Nominees by Emoji
9
Hidden Star Wars Character IV
10
25 Best Actor Nominees (1990s)
Explore More
Trending Topics
NBA
Harry Potter
Crossword
Disney
Kpop
Anime
Marvel
Country
Soccer
Pokémon
Song
The Office
NFL
WWE
Puzzle
hide this ad
More By:
Mcparty
Quiz
Plays
Rating
Category
Featured
Created
Best Picture Nominees 1990-2009
1,139
4.14
Movies
Oct 26, 2009
Best Picture by Actor
716
2.45
Movies
Sep 23, 2009
Movies by quote
513
1.90
Movies
Sep 25, 2009
Year of the Best Picture
304
3.67
Movies
Sep 28, 2009
Coldplay songs
272
2.50
Music
Sep 23, 2009
Go to Creator's Profile
Score Distribution
Quiz Creator Spotlight
Mcparty
Follow
Send a Message
Quizzes Created
-
Created Quiz Play Count
-
More By This Creator
Popular Quizzes Today
1
Find the US States - No Outlines Minefield
2
Colored Red Africa Blitz
3
Find the 'City' Movie
4
The Countries of the World
5
Find the US States
6
5x2 Blitz: Bands
7
Find the Countries of Europe - No Outlines Minefield
8
US States
More Movies Quizzes
Movie by Annoyingly Misleading Title
Published
Trending Quizzes
Colored Red Europe Blitz I
Colored Red Europe Blitz II
Colored Red Africa Blitz II
Colored Red Africa Blitz III
Colored Red Europe Blitz III
Recently Updated
Odd Team Out - Big 4 Players
pecheneg
Quick Pick: 20 Twenties
pecheneg
March Madness Men's Triple Doubles
pecheneg
How Do You Spell That?
pecheneg
Godzilla Movies
pecheneg
Grab Bag: 4-10 Letters
pecheneg
2024 March Madness Bracket
pecheneg
Famous TV Couples
Peacemaker
Champions League XIs: Real Madrid
pecheneg
Largest US Cities 1790-2010
pecheneg
Trending Topics
Harry Potter
NBA
Disney
Anime
Crossword
Marvel
Kpop
Pokémon
Soccer
Puzzle
Song
Country
The Office
WWE
NFL
Your Account Isn't Verified!
In order to create a playlist on Sporcle, you need to verify the email address you used during registration. Go to your
Sporcle Settings
to finish the process.
Report this User
Report this user for behavior that violates our
Community Guidelines
.
Details:
Send Report
Go to the Sporcle.com Mobile Site →
Comments